000 00640nam a2200217 i 4500
001 103734
003 ES-MaACL
005 20250804062740.0
007 t|
008 051117s1973 sp |||| | spa d
100 1 _aMerleau-Ponty, Maurice.
_980571
245 1 0 _aSignos /
_cMaurice Merleau-Ponty ; traducción de Caridad Martínez, Gabriel Oliver.
250 _a1ª ed.
260 _aBarcelona :
_bSeix Barral,
_c1973.
300 _a427 p. ;
_c20 cm.
650 0 7 _aFilosofía
_2embne
_912802
700 1 _aMartínez, Caridad.
_977723
700 1 _aOliver, Gabriel.
_986811
852 _aES-MaACL
_jC-48586
999 _c103734
_d103734